Vplyv prírodných katastrof na zaisťovňu diplomová práca

Saved in:
Bibliographic Details
Main Author: Nemček, Branislav
Corporate Author: Národohospodárska fakulta EU. Katedra poisťovníctva
Other Authors: Ondruška, Tomáš, 1988-
Format: Book
Language:Slovak
Published: Bratislava 2016
Tags: Add Tag
No Tags, Be the first to tag this record!

MARC

LEADER 00000nbm a2200000 4500
001 0218021
005 20161108115939.6
041 0 |a slo 
044 |a SK 
245 1 0 |a Vplyv prírodných katastrof na zaisťovňu  |b diplomová práca  |c Branislav Nemček ; školiteľ: Tomáš Ondruška 
264 1 |a Bratislava  |c 2016 
300 |a 70 s. 
100 1 |a Nemček, Branislav 
700 1 |a Ondruška, Tomáš, 1988- 
710 2 |a Národohospodárska fakulta EU. Katedra poisťovníctva